000 00704nam a22002177a 4500
005 20140626112835.0
010 _aENG-110342
020 _a9780198098577
_c295.00
020 _a019809857x
_c295.00
035 _aEN-93874
037 _bDBAD/PUB
082 _a324.254
100 _aChakrabarty, Bidyut
245 _aCoalition politics in India /
_cby Bidyut Chakrabarty
260 _aNew Delhi
_bOxford University Press
_c2014
270 _aYMCA Library Building, 1 Jai Singh Road
_bNew Delhi
_e110001
300 _axxix,213p.
_c22cm(pbk)
490 _aOxford India short introductions
500 _aIncludes bibliographical references and index
942 _2ddc
_cEN
_mCHA
_h324.254
999 _c85147
_d85147